Т. 82, вып. 12; Журнал технической физики

Bibliografische gegevens
Parent link:Журнал технической физики/ Российская академия наук (РАН), Физико-технический институт им. А. Ф. Иоффе (ФТИ). Т. 82, вып. 12.— , 1931-
Taal:Russisch
Gepubliceerd in: 2012
Formaat: Boek
KOHA link:https://koha.lib.tpu.ru/cgi-bin/koha/opac-detail.pl?biblionumber=498763

MARC

LEADER 00000nam2a2200000 4500
001 498763
005 20231101101531.0
035 |a (RuTPU)RU\TPU\prd\168619 
090 |a 498763 
100 |a 20130214a19319999k y0rusy50 ca 
101 0 |a rus 
102 |a RU 
200 0 |a Т. 82, вып. 12 
210 |d 2012 
461 1 |0 (RuTPU)RU\TPU\prd\452  |t Журнал технической физики  |f Российская академия наук (РАН), Физико-технический институт им. А. Ф. Иоффе (ФТИ)  |v Т. 82, вып. 12  |d 1931- 
801 0 |a RU  |b 63413507  |c 20010227  |g PSBO 
801 1 |a RU  |b 63413507  |c 20130214 
801 2 |a RU  |b 63413507  |c 20201116  |g RCR 
942 |c BK 
999 |a НТБ_ТПУ  |b НФ  |e -1/20130109  |p П-1897  |s 3/20120425  |u 0,00  |v 1